zpět

Detail výsledku týmu

Tenis Pub Lužánky, Brno

Datum a čas kvízu

32 Celkem bodů Celkový počet nahraných bodů na tomto kvízu bez doplňovacích otázek.
6. Pořadí na kvízu Konečné umístění týmu na tomto kvízu.

Zaznamenané odpovědi

# Otázka Odpověď Body Výsledky
1. Ministr kultury Ota Klempíř ro... každou první neděli v měsíci 0
2. Ve čtvrtek krátce po půlnoci s... Artemis II 1
3. Která česká zpěvačka a herečka... Marta Jandová 0
4. Jistá firma v pondělí oznámila... Kit Kat 1
5. Který slavný sportovec minulý... Tiger Woods 1
6. Vítězné téma facebookového hla... 1B 2D 3A 4C 1
7. Ve Formuli 1 můžeme občas zazn... A 1
8. Nejvíce velkých cen, k sezóně... A 0
9. Tato stáj působila ve Formuli... Brawn GP 1
10. Ve kterém státě se nachází záv... v Mexiku 1